01616nam a2200373Ia 4500001001200000003000800012006001900020007001500039008004100054020002500095020002200120040002100142035002100163050002200184082002000206245018000226260005800406300003100464490005400495504004100549533015200590650004500742650005400787651004600841651004500887655002900932700001900961700002000980700002501000710001701025830005501042856012601097999001901223ebr10428817CaPaEBRm u cr cn|||||||||090814s2010 enkab sb 000 0 eng d z9781848851634 (hbk.) z1848851634 (hbk.) aCaPaEBRcCaPaEBR a(OCoLC)68001788814aDE80b.T73 2010eb04a909.098220522200aTrade and cultural exchange in the early modern Mediterraneanh[electronic resource] :bBraudel's maritime legacy /cedited by Maria Fusaro, Colin Heywood, Mohamed-Salah Omri. aLondon ;aNew York :bTauris Academic Studies,c2010. axiv, 319 p. :bill., maps.1 aInternational library of historical studies ;v67 aIncludes bibliographical references. aElectronic reproduction.bPalo Alto, Calif. :cebrary,d2011.nAvailable via World Wide Web.nAccess may be limited to ebrary affiliated libraries. 0aShippingzMediterranean RegionxHistory. 0aCulture diffusionzMediterranean RegionxHistory. 0aMediterranean RegionxHistoryy1517-1789. 0aMediterranean RegionxCommercexHistory. 7aElectronic books.2local1 aFusaro, Maria.1 aHeywood, Colin.1 aOmri, Mohamed Salah.2 aebrary, Inc. 0aInternational library of historical studies ;v67.40uhttp://site.ebrary.com/lib/rucke/Doc?id=10428817zAn electronic book accessible through the World Wide Web; click to view c145199d145199